СОВРЕМЕННОЕ оборудование для выделки кож. Ч. 2 (Запись № 6605848)

Подробности
000 -МАРКЕР
контрольное поле 00900nam2a22002411 4500
001 - ИДЕНТИФИКАТОР ЗАПИСИ
контрольное поле rc\367908
005 - ИДЕНТИФИКАТОР ВЕРСИИ
контрольное поле 20250621064745.0
035 ## - ДРУГИЕ СИСТЕМНЫЕ НОМЕРА
Идентификатор записи (NLR Aleph) 005634626
100 ## - ДАННЫЕ ОБЩЕЙ ОБРАБОТКИ
Данные общей обработки 20030307d1990 |||y0rusy50 ca
101 0# - ЯЗЫК РЕСУРСА
Язык текста, звукозаписи и т.д. русский
102 ## - СТРАНА ПУБЛИКАЦИИ ИЛИ ПРОИЗВОДСТВА
Страна публикации Российская Федерация
105 ## - ПОЛЕ КОДИРОВАННЫХ ДАННЫХ: ТЕКСТОВЫЕ МАТЕРИАЛЫ, МОНОГРАФИЧЕСКИЕ
Кодированные данные о монографическом текстовом документе a |||||||||
200 0# - ЗАГЛАВИЕ И СВЕДЕНИЯ ОБ ОТВЕТСТВЕННОСТИ
Основное заглавие Ч. 2
210 ## - ПУБЛИКАЦИЯ, РАСПРОСТРАНЕНИЕ И ДР.
Дата издания, распространения и т.д. 1990
Место издания, распространения и т.д. Б. м.
215 ## - ФИЗИЧЕСКАЯ ХАРАКТЕРИСТИКА
Специфическое обозначение материала и объем 35 с., включ. обл.
Другие сведения о физической характеристике ил.
Сопроводительный материал [1] отд. л. схем.
225 1# - СЕРИЯ
Основное заглавие серии ...
Обозначение тома Вып. 1
461 #0 - УРОВЕНЬ НАБОРА
Встроенное поле 001rc\367906
-- 2001#$aСОВРЕМЕННОЕ оборудование для выделки кож$f[Сост. Л.А. Каплин]$vЧ. 2
Системный номер (АБИС) связанной записи 6605832
Место публикации М.
Дата публикации 1989-
Первые сведения об ответственности [Сост. Л.А. Каплин]
Имя издателя, распространителя и т.д. ЦБНТИ Минбыта РСФСР
Заглавие СОВРЕМЕННОЕ оборудование для выделки кож
Номер тома Ч. 2
801 #0 - ИСТОЧНИК ЗАПИСИ
Страна Российская Федерация
Организация NLR
Правила каталогизации psbo
801 #1 - ИСТОЧНИК ЗАПИСИ
Страна Российская Федерация
Организация ELAR
Источник данных rusmarc
852 ## - МЕСТОНАХОЖДЕНИЕ И ШИФР ХРАНЕНИЯ
Идентификатор организации NLR
Шифр хранения (Call Number) П10/3244
942 ## - ДОПОЛНИТЕЛЬНЫЕ ЭЛЕМЕНТЫ ЗАПИСИ (АБИС)
Тип экземпляра АБИС Книга
980 ## - КОЛЛЕКЦИЯ
Название коллекции Национальная библиография
Экземпляры
Тип экземпляра Дата поступления Библиотека постоянного хранения Библиотека текущего хранения Место хранения Шифр хранения Штрих-код Статус экземпляра
Книга 26.10.2013 РНБ (Московский) РНБ (Московский) Русский журнальный фонд П10/3244 5634626-10